Pop culture en images - L - Statistiques

Statistiques générales
  • Ce quiz a été pris 387 fois
  • Le résultat moyen est 9 sur 16
Statistiques - réponses
Par images Réponse % Correct
Lapin crétin
95%
Loki
91%
Lilo Pelekai
90%
Link
86%
Lupin
86%
Lara Croft
76%
Light Yagami
67%
Livai Ackerman
67%
Linguini Alfredo
59%
Logan
59%
Leo Caruso
20%
Little Nightmares
19%
Lucy
18%
Legoshi
12%
Lancelot
9%
Lila Pitts
8%
Aucun quiz correspondant
Distribution des résultats
% des personnes avec chaque résultat
Percentile par nombre de réponses
Votre historique - résultats
Vous n’avez pas pris ce quiz